| Tag |
First Indicator |
Second Indicator |
Subfields |
| LEADER |
00000cam a2200000 a 4500 |
| 001 |
in00001495921 |
| 005 |
20151021085117.0 |
| 008 |
980720s1999 nyua b 001 0 eng |
| 010 |
|
|
|a 98038224
|
| 015 |
|
|
|a GB99-X7417
|
| 020 |
|
|
|a 0195126157 (alk. paper)
|
| 035 |
|
|
|a (OCoLC)39546095
|
| 035 |
|
|
|9 AJJ8533AM
|
| 040 |
|
|
|a DLC
|c DLC
|d UKM
|d C#P
|d TXA
|d UtOrBLW
|
| 043 |
|
|
|a n-us---
|
| 049 |
|
|
|a TXAM
|
| 050 |
0 |
0 |
|a HD9940.U4
|b S75 1999
|
| 082 |
0 |
0 |
|a 687/.068/8
|2 21
|
| 245 |
0 |
2 |
|a A stitch in time :
|b lean retailing and the transformation of manufacturing--lessons from the apparel and textile industries /
|c Frederick H. Abernathy [and others].
|
| 264 |
|
1 |
|a New York :
|b Oxford University Press,
|c 1999.
|
| 300 |
|
|
|a xii, 368 pages :
|b illustrations ;
|c 24 cm.
|
| 336 |
|
|
|a text
|b txt
|2 rdacontent
|
| 337 |
|
|
|a unmediated
|b n
|2 rdamedia
|
| 338 |
|
|
|a volume
|b nc
|2 rdacarrier
|
| 504 |
|
|
|a Includes bibliographical references (pages [299]-346) and indexes.
|
| 650 |
|
0 |
|a Clothing trade
|z United States
|x Management.
|
| 650 |
|
0 |
|a Manufacturing industries
|z United States
|x Management
|x Data processing.
|
| 650 |
|
0 |
|a Retail trade
|z United States
|x Management.
|
| 650 |
|
4 |
|a Just-in-time systems.
|
| 650 |
|
4 |
|a Organizational change.
|
| 650 |
|
4 |
|a Manufacturing industries
|x Management.
|
| 650 |
|
4 |
|a Textile industry
|z United States
|x Management.
|
| 700 |
1 |
|
|a Abernathy, Frederick H.
|
| 948 |
|
|
|a c:en
|
| 999 |
|
|
|a MARS
|
| 999 |
f |
f |
|s b6fd0130-77a9-3732-a663-b65fb65fb8b7
|i 9c2bfb47-8e97-3264-9001-0df48412368c
|t 0
|
| 952 |
f |
f |
|p ric
|a Texas A&M University
|b Rellis Campus
|c Joint Library Facility
|d Remote Storage
|t 0
|e HD9940.U4 S75 1999
|h Library of Congress classification
|i unmediated -- volume
|m A14825197633
|
| 998 |
f |
f |
|a HD9940.U4 S75 1999
|t 0
|l Remote Storage
|